000 01448nam a2200265Ia 4500
999 _c56573
_d56573
001 23687
003 GE_BSU
005 20250423143954.0
008 181216s2017||||ge |||||||||||||| ||geo||
020 _a9789941275128
040 _cGE_BSU
041 _ageo
080 _a636.32/38(479.22) ღ-54
100 _aღლიღვაშვილი, ვ.
_924909
245 _aსაქართველოს მომთაბარე მეცხოველეობა :
_bმონოგრაფია /
_cვ. ღლიღვაშვილი, გ. ღლიღვაშვილი, ივერი ქუცნაშვილი ,სამეცნ. რედ.ოთარ ნათიშვილი
264 _aთბილისი :
_bსაქ. მეცნიერებათა ეროვნული აკადემიის სტამბა,
_c2017.
300 _a172 გვ. :
_b სურ., ცხრ. ;
_c 20 სმ.
504 _aბიბლიოგრ.: გვ. 166-168.
653 _aმონოგრაფია
653 _aსაქართველოს მომთაბარე მეცხოველეობა
700 _aღლიღვაშვილი, გ.
_924910
700 _aქუცნაშვილი, ივერი
_924911
700 _aნათიშვილი, ოთარ
_eსამეცნიერო რედაქტორი
_914799
942 _cBK
_2udc